| 000 | 02544cam a22005174i 4500 | ||
|---|---|---|---|
| 003 | PE-LiUPU | ||
| 005 | 20250731172849.0 | ||
| 008 | 110208s2011 mou rbf 001 0 eng | ||
| 020 | _a0758627998 | ||
| 020 | _a9780758627995 | ||
| 035 | _a(Sirsi) i9780758627995 | ||
| 040 |
_aDLC _bspa _cDLC _dSGB _dCDX _dYDXCP _dITC _dOCLCQ _dCHVBK _dMNC _dOCLCQ _dNDS _dPE-LiUPU _erda |
||
| 082 | 0 | 0 |
_a220.95 _bS79 _222 |
| 100 | 1 | _aSteinmann, Andrew. | |
| 245 | 1 | 0 |
_aFrom Abraham to Paul : _ba biblical chronology / _cAndrew E. Steinmann. |
| 300 |
_axxxviii, 421 páginas ; _c24 centímetros |
||
| 336 |
_atext _2rdacontent |
||
| 337 |
_aunmediated _2rdamedia |
||
| 338 |
_avolume _2rdacarrier |
||
| 504 | _aBibliografía : páginas 351-379. | ||
| 504 | _aÍndice: páginas 385-421. | ||
| 505 | 0 | _aTime and the Christian faith -- Time in the ancient world -- Establishing benchmarks for Old Testament chronology -- Israel's patriarchs -- Moses -- The era of Joshua and the Judges -- Saul, David, and Solomon -- The divided monarchy -- The Babylonian exile and the Persian period -- Between the Testaments -- Jesus' birth -- Jesus' ministry -- Holy week, crucifixion, and resurrection -- The church: From Pentecost to the end of Paul's ministry -- Appendix: Dated and datable prophecies. | |
| 526 | _aSEG42 | ||
| 526 | _aSEG41 | ||
| 526 | _aSEG40 | ||
| 526 | _aSEG39 | ||
| 526 | _aP94 | ||
| 526 | _aP87 | ||
| 526 | _aP86 | ||
| 526 | _aP85 | ||
| 526 | _aP77 | ||
| 526 | _aP76 | ||
| 526 | _aP35 | ||
| 630 | 0 | 0 |
_aBiblia _vCronología _vManuales, etc. |
| 630 | 0 | 0 |
_aBiblia _vCronología _vTablas, diagramas, etc. |
| 655 | 7 | _aHandbooks and manuales. | |
| 910 |
_ajck _bebj _cebj _d20160607 |
||
| 942 |
_2ddc _cBOOK |
||
| 949 |
_a220.95 S79 _wDEWEY _c1 _i73603 _lCCODEBUL1 _mBUL _p81.99 _r0 _sY _tBOOK _u2016-6-7 _xTEOLOGIA _PP85 _0COMPRA _o.STAFF. CIRCNOTE. El documento es de alto precio. _o.STAFF. Colección General Teología |
||
| 994 |
_aC0 _bPEPRU |
||
| 596 | _a1 | ||
| 999 |
_a220.95 S79 _wDEWEY _c9778 _i73603 _d9778 _e2018-10-25 _f2021-11-9 _g5 _lCCODEBUL1 _mBUL _n2 _p81.99 _r0 _sY _tBOOK _u2016-6-7 _xTEOLOGIA _PP85 _0COMPRA _o.STAFF. CIRCNOTE. El documento es de alto precio. _o.STAFF. Colección General Teología |
||
| 999 |
_a220.95 S79 _wDEWEY _c2 _i75519 _d2019-10-30 _e2019-10-27 _f2021-11-9 _g5 _lCCODEBUL1 _mBUL _n4 _p65.75 _q3 _r0 _sY _tBOOK _u2017-1-10 _xTEOLOGIA _PP85 _0COMPRA _o.STAFF. Colección Teología |
||
| 264 |
_aEstados Unidos : _bConcordia Pub. House, _c[2011] |
||
| 980 |
_81 _gALBERTO SANCHEZ Responsable de Automatización |
||